Gastrointestinal physiology
| Main Author: | Cheng, Hwee Ming |
|---|---|
| Published: |
Petaling Jaya:
Prentice Hall,
2002.
|
| Series: |
Physiology questions with explanatory notes
|
| Subjects: |
| LEADER | 00577cam a2200181 7i4500 | ||
|---|---|---|---|
| 001 | 0000007540 | ||
| 005 | 20200610090000.0 | ||
| 020 | |a 9832473802 | ||
| 090 | 0 | 0 | |a QP145 |b .C46 2002 |
| 100 | 3 | |a Cheng, Hwee Ming | |
| 245 | 1 | 0 | |a Gastrointestinal physiology |c Cheng Hwee Ming. |
| 260 | |a Petaling Jaya: |b Prentice Hall, |c 2002. | ||
| 300 | |a 80 p.; |c 24 cm. | ||
| 490 | 0 | |a Physiology questions with explanatory notes | |
| 650 | 0 | 0 | |a Digestion |
| 650 | 0 | 0 | |a Gastrointestinal system -- |x Physiology |
| 997 | |a Health Sciences, Faculty | ||
| 999 | |a 0000010617 |b BOK |c OPEN SHELF |e 1st Floor, Shah Alam | ||


